000 00811nam a22002417a 4500
003 DO-SdBNP
005 20250710132414.0
007 ta
008 220316b20172019dr a|||| |||| 00| p spa d
020 _a9789945168358
040 _aDO-SdBNP
_bspa
_cBNPHU
082 _axxxxx
_bP328f
100 1 _aPaulino, Pedro Jesús de,
_d1963-
_981333
245 1 3 _aEl frío instante de la muerte :
_bmicrorrelatos /
_cPedro de Jesús Paulino
260 _aSanto Domingo :
_bBúho,
_c2017.
300 _a141 p. :
_bil. ;
_c22 cm.
500 _aLa blioteca posee la primera reimpresión del 2019
500 _aIncluye notas y referencias bibliográficas al pie da las páginas
500 _aIncluye datos biográficos del autor en las solapas
590 _aInventariado, 2022/BT
910 _aBtavárez
942 _2ddc
_cLBS1
999 _c51430
_d51430